World Country Islands - Sudden Death - Statistics

General Stats
  • This quiz has been taken 38 times
    16 since last reset
  • The average score is 17 of 18
Answers on the Grid
Answers color-coded by a green-red scale on the quiz's grid according to % correct below.
USA
Cuba
Japan
South Korea
Cape Verde
Djibouti
Indonesia
India
Iceland
France
Chile
Bahamas
Madagascar
Nauru
New Zealand
China
Sweden
Spain
Portugal
Malta
Cyprus
Turkey
Greece
Taiwan
Palestine
Sri Lanka
Maldives
Netherlands
Bahrain
Comoros
Italy
Mali
Palau
Samoa
Morocco
Armenia
 
Answer Stats
Answer % Correct
Cape Verde
100%
Cuba
100%
Cyprus
100%
Iceland
100%
Indonesia
100%
Japan
100%
Maldives
100%
New Zealand
100%
Samoa
100%
Bahamas
92%
Comoros
92%
Madagascar
92%
Malta
92%
Nauru
92%
Palau
92%
Sri Lanka
92%
Taiwan
92%
Bahrain
75%
No matching quizzes found
Score Distribution
Percent of People with Each Score
Percentile by Number Answered
Your Score History
You have not taken this quiz since the last reset